00611nam a2200157Ia 4500008004100000082002800041100001900069245006600088250001000154260002000164300001100184440005100195650008800246952010200334999001700436120622s9999 xx 000 0 und d a327.72 A673ha v.20 1970 aFabela, Isidro aLos precursores de la diplomacia mexicana / por Isidro Fabela a2a ed aMexico : Porrua a206 p. aArchivo Historico Diplomatico Mexicano ; no.20 a1. DIPLOMACIA - MEXICO - HISTORIA \ 2. MEXICO - RELACIONES EXTERIORES - HISTORIAÌ€ 00104070a01b01d2007-01-25l0o327.72 A673HA V.20 1970p01 009299r2012-06-24w2012-06-24yLB c59406d59406